LEADER 01095nam a2200277 i 4500 001 000000141697 003 CaOOAMICUS 005 20251203145046.0 008 050727s1989 it u000 u ita u 013 $a116425 020 $a88-7802-078-8 040 $aSeMil$bita 100 1 $aHusserl, Edmund,$d<1859-1938>.$0(OLS)http://semarc/name/3630 245 10$aStoria critica delle idee /$cEdmund Husserl ; a cura di Giovanni Piana. 260 $aMilano :$bGuerini e Associati,$c1989. 300 $a212 p. ;$c23 cm. 490 1 $aSaggi ;$v11 700 1 $aPiana, Giovanni <1940- >.$0(OLS)http://semarc/name/8890 830 0$aSaggi ;$v11.$0(OLS)http://semarc/title/341 850 $aSeMil 852 $aSeMil$W1$xVenegono$y1$m2P III 568$j253692$B94916$CSeMilBibl$Z2$F101497 $81 961 $aLascito: Corradi mons. Enrico 996 $6020$a88-7802-078-8$9(OLS)http://semarc/number/129913 996 $6245$aStoria critica delle idee$9(OLS)http://semarc/title/207113 996 $6260$aMilano :$bGuerini e Associati$9(OLS)http://semarc/publisher/31885 LEADER 01303nam a2200277 i 4500 001 000000134272 003 CaOOAMICUS 005 20050128000000.0 008 050128s2000 it u000 u ita u 013 $a107413 020 $a88-424-9661-8 040 $aSeMil$bita 100 1 $aIstituto lombardo per la storia del movimento di liberazione in Italia.$0(OLS)http://semarc/name/20118 245 10$aAtlante storico della Resistenza italiana /$cIstituto lombardo per la storia del movimento di liberazione in Italia ; a cura di Luca Baldissara. 260 $aMilano :$bBruno Mondadori,$ccopyr. 2000. 300 $a159 p. :$briccamente ill. ;$c39 cm. 500 $aIn custodia. - Contiene : Bibliografia. - Fondo Card. C.M. Martini. 650 4$aResistenza - Italia - Atlante storico.$0(OLS)http://semarc/subject/26384 700 1 $aBaldissara, Luca.$0(OLS)http://semarc/name/54896 850 $aSeMil 852 $aSeMil$W1$xVenegono$y1$m3.SOVR VII 19$j262873$B88034$CSeMilBibl$Z2$F92191 $81 941 1 $a4 961 $aOmaggio: Martini Card. Carlo Maria 996 $6020$a88-424-9661-8$9(OLS)http://semarc/number/121433 996 $6245$aAtlante storico della Resistenza italiana$9(OLS)http://semarc/title/196434 996 $6260$aMilano :$bBruno Mondadori$9(OLS)http://semarc/publisher/31202